El regalo del río
Gespeichert in:
| 1. Verfasser: | |
|---|---|
| Format: | Buch |
| Sprache: | Spanisch |
| Veröffentlicht: |
Madrid
Casals
2010
|
| Ausgabe: | 5a. ed |
| Schriftenreihe: | Bambú Jóvenes Lectores
|
| Schlagworte: | |
| Tags: |
Tag hinzufügen
Keine Tags, Fügen Sie den ersten Tag hinzu!
|
MARC
| LEADER | 00000cam a2200000 a 4500 | ||
|---|---|---|---|
| 001 | UCD2094 | ||
| 003 | CL-VaPUC | ||
| 008 | 160414e20100000sp |||||||||||||||||spa|d | ||
| 020 | |a 9788483430125 | ||
| 082 | 0 | 4 | |a 863 |b BAL |2 21 |
| 100 | 0 | |a Ballaz Zabalza, Jesús |e author |9 585342 | |
| 245 | 1 | 3 | |a El regalo del río |
| 250 | |a 5a. ed | ||
| 300 | |a 74 p | ||
| 942 | |c BK | ||
| 945 | |d 20160414 22:19:00 |a cmena | ||
| 260 | |a Madrid |b Casals |c 2010 | ||
| 650 | 0 | |a Literatura infantil |9 307465 | |
| 650 | 0 | |a Literatura española |9 306261 | |
| 650 | 7 | |a LITERATURA DE FICCION |2 CL-VaPUC |9 334228 | |
| 583 | |a last modification |c 20160414 22:19:00 |k Rodrigo Vera | ||
| 490 | 0 | |a Bambú Jóvenes Lectores | |
| 999 | |c 363289 |d 363287 | ||